| 000 | 00827nam a2200217 a 4500 | ||
|---|---|---|---|
| 005 | 20240305063713.0 | ||
| 008 | 991125s1994 mx 000 0 spa u | ||
| 020 | _a9686635629 | ||
| 035 | _aUPN01000008319 | ||
| 049 | _aLT | ||
| 050 | 4 |
_aLB1644 M6.2 _bB5.2 1994 |
|
| 100 | 1 | _aBlanco García, Yolanda | |
| 245 | 1 | 0 |
_aCivismo 2 : _beducación secundaria : segundo grado / _cYolanda Blanco García, Ma. Guadalupe González González, Héctor Mario Treviño Villarreal. |
| 260 |
_aMéxico : _bCastillo, _c1994. |
||
| 300 |
_aviii, 224 p. : _bil. col. |
||
| 500 | _aLibro actualizado de acuerdo al programa de estudios vigente | ||
| 650 | 4 |
_aCivismo _xEstudio y enseñanza (Secundaria) _91512 |
|
| 700 | 1 |
_aGonzález González, María Guadalupe, _ecoaut. |
|
| 700 | 1 |
_aTreviño Villarreal, Héctor Mario, _ecoaut. |
|
| 905 | _aLibro | ||
| 999 |
_c8319 _d8319 |
||